[Event "Polonia Wroclaw Masters Cup-GM"]
[Site "Wroclaw"]
[Date "2019.05.04"]
[Round "8.4"]
[White "Kozak, Antoni"]
[Black "Swayams, Mishra"]
[Result "0-1"]
[WhiteElo "2374"]
[BlackElo "2473"]
[Annotator "ChessBase"]
[PlyCount "68"]
[EventDate "2019.04.28"]
[EventType "tourn"]
[EventCountry "POL"]
[SourceTitle "playchess.com"]
[Source "ChessBase"]
[SourceQuality "1"]
[TimeControl "40/5400+30:900+30"]

1. d4 {[%emt 0:00:00]} Nf6 {[%emt 0:00:00]} 2. c4 {[%emt 0:00:00]} e6 {[%emt 0:00:00]} 3. Nf3 {[%emt 0:00:08]} d5 {[%emt 0:00:00]} 4. Nc3 {[%emt 0:00:07]} Bb4 {[%emt 0:00:10]} 5. cxd5 {[%emt 0:00:57]} exd5 {[%emt 0:00:15]} 6. Bg5 {[%emt 0:00:56]} h6 {[%emt 0:01:05]} 7. Bh4 {[%emt 0:00:35]} c5 {[%emt 0:06:28]} 8. e3 {[%emt 0:05:23]} g5 {[%emt 0:02:03]} 9. Bb5+ {[%emt 0:02:08]} Nc6 {[%emt 0:02:38]} 10. Bg3 {[%emt 0:00:11]} Ne4 {[%emt 0:01:13]} 11. O-O {[%emt 0:00:19]} Bxc3 {[%emt 0:01:48]} 12. bxc3 {[%emt 0:00:25]} c4 {[%emt 0:01:50]} 13. Rc1 {[%emt 0:09:45]} O-O {[%emt 0:01:29]} 14. Bxc6 {[%emt 0:04:10]} bxc6 {[%emt 0:00:03]} 15. Ne5 {[%emt 0:00:12]} Qe8 {[%emt 0:06:29]} 16. Qh5 {[%emt 0:08:34]} Kg7 {[%emt 0:01:22]} 17. f4 {[%emt 0:01:02]} f6 {[%emt 0:01:30]} 18. Qxe8 {[%emt 0:00:07]} Rxe8 {[%emt 0:00:01]} 19. Nxc6 {[%emt 0:00:07]} a5 {[%emt 0:01:07]} 20. fxg5 {[%emt 0:09:03]} hxg5 {[%emt 0:00:12]} 21. Rb1 {[%emt 0:01:26]} Nd2 {[%emt 0:01:09]} 22. Rb5 {[%emt 0:00:22]} Nxf1 {[%emt 0:00:38]} 23. Kxf1 {[%emt 0:00:05]} Re6 {[%emt 0:02:23]} 24. Nxa5 {[%emt 0:08:16]} Rxe3 {[%emt 0:00:10]} 25. Rxd5 {[%emt 0:02:38]} Rxc3 {[%emt 0:00:15]} 26. Rc5 {[%emt 0:02:14]} Rc1+ {[%emt 0:01:57]} 27. Kf2 {[%emt 0:01:03]} c3 {[%emt 0:00:05]} 28. Bc7 {[%emt 0:01:34]} Ba6 {[%emt 0:01:21]} 29. d5 {[%emt 0:01:47]} Re8 {[%emt 0:00:10]} 30. Nc4 {[%emt 0:03:36]} Rd1 {[%emt 0:02:59]} 31. d6 {[%emt 0:03:47]} c2 {[%emt 0:00:15]} 32. Ne3 {[%emt 0:00:16]} Rd2+ {[%emt 0:00:05]} 33. Kf3 {[%emt 0:00:04]} Be2+ {[%emt 0:00:18]} 34. Kf2 {[%emt 0:00:10]} Bc4+ {[%emt 0:00:14]} 0-1

[Event "Polonia Wroclaw Masters Cup-GM"]
[Site "Wroclaw"]
[Date "2019.05.04"]
[Round "8.5"]
[White "Pranav Anand"]
[Black "Kantans, Toms"]
[Result "0-1"]
[WhiteElo "2378"]
[BlackElo "2513"]
[Annotator "ChessBase"]
[PlyCount "82"]
[EventDate "2019.04.28"]
[EventType "tourn"]
[EventCountry "POL"]
[SourceTitle "playchess.com"]
[Source "ChessBase"]
[SourceQuality "1"]
[TimeControl "40/5400+30:900+30"]

1. d4 {[%emt 0:00:00]} Nf6 {[%emt 0:00:00]} 2. c4 {[%emt 0:00:00]} e6 {[%emt 0:00:00]} 3. Nc3 {[%emt 0:00:00]} Bb4 {[%emt 0:00:00]} 4. e3 {[%emt 0:00:00]} b6 {[%emt 0:00:09]} 5. f3 {[%emt 0:00:28]} O-O {[%emt 0:01:24]} 6. e4 {[%emt 0:00:36]} c5 {[%emt 0:00:14]} 7. d5 {[%emt 0:00:43]} Re8 {[%emt 0:00:09]} 8. Nge2 {[%emt 0:03:15]} d6 {[%emt 0:02:41]} 9. Ng3 {[%emt 0:04:05]} b5 {[%emt 0:02:31]} 10. Kf2 {[%emt 0:08:05]} bxc4 {[%emt 0:05:58]} 11. Bxc4 {[%emt 0:02:48]} Ba6 {[%emt 0:00:09]} 12. Bxa6 {[%emt 0:02:12]} Nxa6 {[%emt 0:00:05]} 13. dxe6 {[%emt 0:04:34]} fxe6 {[%emt 0:00:08]} 14. Re1 {[%emt 0:14:02]} c4 {[%emt 0:01:16]} 15. a3 {[%emt 0:13:28]} Bc5+ {[%emt 0:05:49]} 16. Be3 {[%emt 0:00:11]} d5 {[%emt 0:05:59]} 17. e5 {[%emt 0:07:41]} Nd7 {[%emt 0:06:07]} 18. Nxd5 {[%emt 0:01:56]} exd5 {[%emt 0:05:28]} 19. Qxd5+ {[%emt 0:00:07]} Kh8 {[%emt 0:00:03]} 20. Qxc4 {[%emt 0:09:56]} Qb6 {[%emt 0:07:40]} 21. Rad1 {[%emt 0:05:09]} Nxe5 {[%emt 0:02:24]} 22. Qc3 {[%emt 0:03:01]} Bxe3+ {[%emt 0:00:57]} 23. Rxe3 {[%emt 0:00:08]} Rac8 {[%emt 0:05:32]} 24. Qd4 {[%emt 0:01:09]} Nc5 {[%emt 0:15:31]} 25. b4 {[%emt 0:02:23]} Na4 {[%emt 0:01:33]} 26. Qxb6 {[%emt 0:01:49]} Nxb6 {[%emt 0:01:10]} 27. Nf5 {[%emt 0:01:23]} Nec4 {[%emt 0:11:48]} 28. Rxe8+ {[%emt 0:00:46]} Rxe8 {[%emt 0:00:01]} 29. Nd6 {[%emt 0:00:15]} Nxd6 {[%emt 0:00:05]} 30. Rxd6 {[%emt 0:00:05]} Kg8 {[%emt 0:00:02]} 31. f4 {[%emt 0:01:36]} Rc8 {[%emt 0:02:06]} 32. Rd3 {[%emt 0:01:05]} Kf7 {[%emt 0:01:34]} 33. Kf3 {[%emt 0:00:26]} Ke6 {[%emt 0:00:04]} 34. g4 {[%emt 0:00:42]} Nd5 {[%emt 0:00:12]} 35. Kg3 {[%emt 0:03:43]} Rc4 {[%emt 0:01:56]} 36. Rf3 {[%emt 0:00:05]} Re4 {[%emt 0:01:25]} 37. Rf1 {[%emt 0:01:10]} Kd6 {[%emt 0:02:40]} 38. Rf3 {[%emt 0:00:40]} Ne3 {[%emt 0:02:11]} 39. h3 {[%emt 0:01:22]} Kd5 {[%emt 0:00:53]} 40. Kh4 {[%emt 0:00:00]} Ng2+ {[%emt 0:00:00]} 41. Kg5 {[%emt 0:01:15]} h6+ {[%emt 0:03:55]} 0-1

[Event "Polonia Wroclaw Masters Cup-GM"]
[Site "Wroclaw"]
[Date "2019.05.05"]
[Round "9.1"]
[White "Kantans, Toms"]
[Black "Cukrowski, Filip"]
[Result "1-0"]
[WhiteElo "2513"]
[BlackElo "2421"]
[Annotator "TA"]
[PlyCount "107"]
[EventDate "2019.04.28"]
[EventType "tourn"]
[EventCountry "POL"]
[SourceTitle "playchess.com"]
[Source "ChessBase"]
[SourceQuality "1"]

{[%evp 12,107,28,7,14,0,0,0,-2,-19,36,36,36,36,43,32,38,29,29,27,35,31,16,20,27,15,34,30,213,216,221,221,221,221,221,219,213,212,229,221,221,229,226,229,266,229,324,322,334,249,318,294,307,294,334,331,332,308,329,316,328,328,323,316,316,316,299,299,316,299,316,316,319,325,353,342,328,295,419,375,458,444,435,473,470,461,426,393,586,578,790,789,789,721,867,840,896,883]} 1. e4 c5 2. Nf3 e6 3. d4 cxd4 4. Nxd4 Nc6 5. Nc3 a6 6. Be3 Nf6 7. f4 Bb4 {B46: Sicilian: Taimanov: 5 Nc3 a6} 8. Bd3 e5 9. fxe5 Nxe5 {The position is equal.} 10. O-O Nfg4 ({Better is} 10... d6 $11) (10... Bc5 11. h3 d6 12. Qe1 O-O 13. Rd1 Re8 14. Qf2 Be6 15. Nxe6 Bxe3 16. Nxd8 Bxf2+ 17. Rxf2 Rexd8 {0-1 (56) Shirov,A (2643)-Svidler,P (2737) St Petersburg 2018}) 11. Bf4 $14 Bc5 12. Be2 Nc6 $1 13. Bxg4 Bxd4+ 14. Kh1 {Threatens to win with Bd6.} d6 15. Nd5 O-O $146 16. c3 Be5 17. Bxc8 Rxc8 18. Qg4 $36 {[%mdl 2048] Bxe5 is the strong threat. White fights for an advantage.} Bxf4 19. Rxf4 Ne5 $2 {[#]} (19... Ne7 $1 $11 {and Black stays safe.}) 20. Qxc8 $1 $18 {[%mdl 576] Deflection, Decoy} Qxc8 21. Ne7+ {[%mdl 64] Double Attack} Kh8 22. Nxc8 Rxc8 {[%mdl 4096] Endgame KRR-KRN} 23. Rd1 Rc6 24. Rf2 f6 25. Rfd2 Nf7 26. Rd4 Kg8 27. Rb4 b6 28. Ra4 b5 (28... a5 {was necessary.} 29. Rad4 Kf8) 29. Rb4 Ne5 30. Kg1 Kf7 31. a4 bxa4 32. Rxa4 Nc4 33. Rd4 Ne5 34. Ra2 Nc4 35. Kf2 Ke6 36. Ke2 Kd7 37. Kd3 Ne5+ 38. Kc2 Kc7 39. b3 {[%cal Bb2b3,Bb3b4][%mdl 32]} Nd7 40. b4 Kb7 41. Kb3 Ne5 42. Rd5 Nd7 43. h4 h6 44. Rda5 Rb6 (44... Ne5 $142 45. g3 Rb6) 45. Kc4 Rc6+ 46. Kd5 Rxc3 47. Rxa6 Nb6+ 48. Ke6 Nc8 49. b5 Rc5 (49... Rc7 $142 50. g3 h5) 50. Kf7 {White is clearly winning.} g5 51. h5 g4 52. Kg6 Rg5+ 53. Kxh6 g3 54. Rc6 {Accuracy: White = 77%, Black = 41%.} 1-0

[Event "Polonia Wroclaw Masters Cup-GM"]
[Site "Wroclaw"]
[Date "2019.05.05"]
[Round "9.2"]
[White "Swayams, Mishra"]
[Black "Pranav Anand"]
[Result "1/2-1/2"]
[WhiteElo "2478"]
[BlackElo "2359"]
[Annotator "TA"]
[PlyCount "30"]
[EventDate "2019.04.28"]
[EventType "tourn"]
[EventCountry "POL"]
[SourceTitle "playchess.com"]
[Source "ChessBase"]
[SourceQuality "1"]

{[%evp 9,30,28,22,-26,-15,-22,-22,-29,-26,-27,-23,-23,-31,-27,-18,-29,-33,-37,-36,-39,36,36,38]} 1. d4 Nf6 2. Bg5 e6 3. e4 h6 4. Bxf6 Qxf6 5. c3 d5 (5... d6 6. Bc4 Qg6 7. Qf3 Nc6 8. Ne2 Be7 9. Nd2 e5 10. d5 Nb8 11. Ng3 Qg4 12. Qd3 g6 13. h3 Qf4 {½-½ (45) Duda,J (2738)-Miton,K (2588) St Petersburg 2018}) 6. e5 {A45: Trompowsky Attack} Qd8 7. Nf3 c5 8. Be2 {The position is equal.} Nc6 9. O-O Bd7 10. a3 c4 11. Nbd2 Be7 $146 ({Predecessor:} 11... Na5 12. Ne1 Qb6 13. Rb1 O-O-O 14. f4 f5 15. exf6 gxf6 {0-1 (65) Andresen,S (2350)-Sievers,S (2375) Germany 1996}) 12. Ne1 O-O 13. Nc2 b5 14. f4 f5 ({Better is} 14... a5 $15) 15. exf6 $14 Rxf6 {Accuracy: White = 76%, Black = 76%.} 1/2-1/2

[Event "Polonia Wroclaw Masters Cup-GM"]
[Site "Wroclaw"]
[Date "2019.05.05"]
[Round "9.3"]
[White "Przybylski, Wojciech"]
[Black "Kozak, Antoni"]
[Result "1/2-1/2"]
[WhiteElo "2320"]
[BlackElo "2404"]
[Annotator "NA"]
[PlyCount "162"]
[EventDate "2019.04.28"]
[EventType "tourn"]
[EventCountry "POL"]
[SourceTitle "playchess.com"]
[Source "ChessBase"]
[SourceQuality "1"]
[TimeControl "40/5400+30:900+30"]

{[%evp 8,161,28,25,17,12,25,32767,32767,32767,32767,32767,32767,32767,32767,32767,32767,0,0,32767,0,2,41,22,26,28,45,41,42,32767,56,37,32767,32767,32767,32767,32767,32767,75,92,77,97,32767,90,32767,100,145,32767,233,254,32767,32767,340,32767,32767,32767,32767,32767,204,32767,32767,32767,32767,32767,32767,32767,32767,-277,32767,75,32767,32767,68,52,66,32767,33,32767,145,91,72,38,32767,32767,32767,70,97,95,114,37,32767,71,89,32767,113,106,230,137,150,68,62,66,62,52,58,51,52,48,45,40,32767,38,35,25,23,23,23,25,27,32767,22,23,22,22,24,22,24,25,23,21,32767,20,25,0,20,14,23,24,32767,14,32767,32767,10,20,20,20,22,22,22,22,22,20,22,22,20,20]} 1. e4 {[%emt 0:00:00]} c6 {[%emt 0:00:00]} 2. d4 {[%emt 0:00:00]} d5 {[%emt 0:00:00]} 3. e5 {[%emt 0:00:12]} Bf5 {[%emt 0:00:00]} 4. Nf3 {[%emt 0:00:18]} e6 {[%emt 0:00:02]} 5. Be2 {[%emt 0:00:08]} c5 {[%emt 0:00:27]} 6. Be3 {[%emt 0:00:17]} cxd4 {[%emt 0:00:08]} 7. Nxd4 {[%emt 0:00:10]} Ne7 {[%emt 0:00:05]} 8. Nd2 {[%emt 0:00:35] B12: Caro-Kann: Advance Variation} (8. O-O Nbc6 9. Bb5 a6 10. Bxc6+ Nxc6 11. Nxf5 exf5 12. c3 Be7 13. Nd2 Qd7 14. Nf3 Qe6 15. Qb3 O-O 16. Bb6 Bd8 {½-½ (40) Navara,D (2739)-Radjabov,T (2756) Shamkir 2019}) 8... Nbc6 {[%emt 0:00:16]} 9. N2f3 {[%emt 0:00:33]} Be4 {[%emt 0:00:06]} 10. O-O {[%emt 0:00:26]} Ng6 {[%emt 0:00:26]} 11. Nxc6 {[%emt 0:01:46]} bxc6 {[%emt 0:00:05]} 12. Ng5 {[%emt 0:01:14]} Be7 $1 {[%emt 0:09:19]} 13. Nxe4 {[%emt 0:03:29]} dxe4 {[%emt 0:00:06]} 14. Qd4 {[%emt 0:02:10]} Qxd4 {[%emt 0:06:45]} 15. Bxd4 {[%emt 0:00:03]} O-O {[%emt 0:01:44]} 16. Rfe1 $146 {[%emt 0:13:47]} Rfd8 {[%emt 0:06:09]} 17. Bc3 {[%emt 0:05:18]} Nf4 {[%emt 0:01:24]} 18. Bc4 {[%emt 0:26:39]} Nd5 {[%emt 0:03:34]} 19. Ba5 {[%emt 0:02:51]} Bb4 {[%emt 0:08:49]} 20. Bxb4 {[%emt 0:04:05]} Nxb4 {[%emt 0:00:07]} 21. Bb3 {[%emt 0:00:25]} Rd2 {[%emt 0:00:39]} 22. Rac1 {[%emt 0:00:26]} Rad8 {[%emt 0:02:11]} 23. Kf1 {[%emt 0:00:40]} ({But not} 23. Rxe4 Nxc2 24. g3 (24. Bxc2 Rxc2 25. Ree1 Rxb2 $17) 24... Nd4 $15) 23... c5 {[%emt 0:14:28]} 24. Rxe4 {[%emt 0:00:32]} Nc6 {[%emt 0:01:05]} 25. Ba4 {[%emt 0:08:15]} Ne7 {[%emt 0:01:09]} 26. Bb5 {[%emt 0:05:47]} R2d5 {[%emt 0:06:50]} 27. Ra4 {[%emt 0:03:08]} Ng6 {[%emt 0:01:41]} (27... Nc8 $16) 28. Rxa7 {[%emt 0:04:07]} Nf4 {[%emt 0:00:17]} 29. Re1 {[%emt 0:04:11]} g5 {[%emt 0:07:13]} 30. Rc7 {[%emt 0:05:36]} Ng6 {[%emt 0:03:50]} 31. Bc4 {[%emt 0:01:12]} Rd2 {[%emt 0:00:08]} 32. Bb3 {[%emt 0:00:38]} R8d4 {[%emt 0:01:04]} 33. c3 {[%emt 0:03:56]} Rd8 {[%emt 0:01:52]} 34. Re2 {[%emt 0:01:20]} Nf4 {[%emt 0:00:24]} 35. Rxd2 {[%emt 0:01:58]} Rxd2 {[%emt 0:00:06]} 36. Rxc5 {[%emt 0:00:54]} Rxb2 {[%emt 0:01:16]} 37. Rc8+ {[%emt 0:00:34]} Kg7 {[%emt 0:00:04]} 38. Rd8 {[%emt 0:00:17]} Kg6 {[%emt 0:01:27]} 39. c4 {[%emt 0:00:50]} Kf5 $1 {[%emt 0:03:07] [#]} 40. g3 {[%emt 0:00:00]} (40. Ke1 $1 $16) 40... Ng6 {[%emt 0:00:00]} 41. Rd1 {[%emt 0:06:40]} Nxe5 {[%emt 0:08:08]} 42. c5 {[%emt 0:00:01]} Ke4 {[%emt 0:02:01]} (42... Kf6 $14) 43. Rc1 {[%emt 0:02:04]} Nc6 {[%emt 0:04:59]} 44. Bc4 {[%emt 0:00:50]} Rb8 {[%emt 0:08:43]} 45. a4 {[%emt 0:01:21]} Ke5 {[%emt 0:00:11]} 46. Kg2 {[%emt 0:02:20]} Rc8 {[%emt 0:03:32]} 47. Bb5 {[%emt 0:01:59]} Nd4 {[%emt 0:00:08]} 48. h3 {[%emt 0:02:16]} (48. Bd7 $16 Rc7 49. Be8) 48... Kd5 {[%emt 0:01:09]} 49. Bc4+ {[%emt 0:00:34]} Kc6 {[%emt 0:00:04]} 50. a5 {[%emt 0:01:37]} Ra8 {[%emt 0:04:11]} 51. a6 {[%emt 0:00:14]} f5 {[%emt 0:00:21]} (51... h6 $16) 52. g4 {[%emt 0:00:41]} Ra7 {[%emt 0:00:17]} 53. Bd3 {[%emt 0:00:49]} ({White should try} 53. f3 $16) 53... Nb3 $1 {[%emt 0:02:30]} 54. Rc3 {[%emt 0:00:10]} Nxc5 {[%emt 0:00:03]} 55. gxf5 {[%emt 0:00:04]} exf5 {[%emt 0:00:03]} 56. Bxf5 {[%emt 0:00:41]} Rxa6 {[%emt 0:00:04]} 57. Bxh7 {[%emt 0:00:11]} Kd6 {[%emt 0:01:30]} 58. Bc2 {[%emt 0:01:31]} Rb6 {[%emt 0:01:34]} 59. Rc4 {[%emt 0:00:52]} Ne6 {[%emt 0:00:36]} 60. h4 {[%emt 0:00:40]} gxh4 {[%emt 0:00:25]} 61. Rxh4 {[%emt 0:00:01]} Rb8 {[%emt 0:00:38]} 62. Ra4 {[%emt 0:00:43]} Ke5 {[%emt 0:01:26]} 63. Ra5+ {[%emt 0:00:41]} Kf6 {[%emt 0:00:06]} 64. Be4 {[%emt 0:00:30]} Rg8+ {[%emt 0:00:20]} 65. Kf1 {[%emt 0:00:06]} Rg5 {[%emt 0:00:44]} 66. Ra8 {[%emt 0:00:11]} Ke5 {[%emt 0:01:17]} 67. Bc2 {[%emt 0:00:02]} Nf4 {[%emt 0:00:51]} 68. Re8+ {[%emt 0:00:06]} Kf6 {[%emt 0:00:20]} 69. Rf8+ {[%emt 0:00:57]} Ke5 {[%emt 0:00:04]} 70. Re8+ {[%emt 0:01:20]} Kf6 {[%emt 0:00:06]} 71. Re4 {[%emt 0:00:18]} Ne6 {[%emt 0:00:25]} 72. Bd1 {[%emt 0:00:59]} Ra5 {[%emt 0:01:27]} 73. Bg4 {[%emt 0:00:12]} Nc5 {[%emt 0:01:09]} 74. Re8 {[%emt 0:00:08]} Nd3 {[%emt 0:00:31]} 75. Kg2 {[%emt 0:01:19]} Ra2 {[%emt 0:00:43]} 76. Kg3 {[%emt 0:00:03]} Nxf2 {[%emt 0:00:33]} 77. Be2 {[%emt 0:00:10]} Rxe2 {[%emt 0:02:23]} 78. Rxe2 {[%emt 0:00:07]} Nd3 {[%emt 0:00:01]} 79. Rd2 {[%emt 0:00:44]} Nc5 {[%emt 0:00:14]} 80. Rd5 {[%emt 0:00:13]} Ne6 {[%emt 0:00:20]} 81. Kg4 {[%emt 0:00:05]} Ng7 {[%emt 0:00:17]} 1/2-1/2

[Event "Polonia Wroclaw Masters Cup-GM"]
[Site "Wroclaw"]
[Date "2019.05.05"]
[Round "9.4"]
[White "Skawinski, Arkadiusz"]
[Black "Gumularz, Szymon"]
[Result "1/2-1/2"]
[WhiteElo "2392"]
[BlackElo "2483"]
[Annotator "RC"]
[PlyCount "93"]
[EventDate "2019.04.28"]
[EventType "tourn"]
[EventCountry "POL"]
[SourceTitle "playchess.com"]
[Source "ChessBase"]
[SourceQuality "1"]
[TimeControl "40/5400+30:900+30"]

1. e4 {[%emt 0:00:00]} g6 {[%emt 0:00:00]} 2. d4 {[%emt 0:00:00]} Bg7 {[%emt 0:00:00]} 3. Nf3 {[%emt 0:00:00]} d6 {[%emt 0:00:00]} 4. Be3 {[%emt 0:00:32]} Nf6 {[%emt 0:01:18]} 5. Nc3 {[%emt 0:00:07]} a6 {[%emt 0:00:23]} 6. Qd2 {[%emt 0:00:22]} b5 {[%emt 0:03:17]} 7. Bh6 {[%emt 0:00:35]} O-O {[%emt 0:07:51]} 8. Bd3 {[%emt 0:01:20]} Nc6 {[%emt 0:11:05]} 9. Nd5 {[%emt 0:05:53]} Bg4 {[%emt 0:06:03]} 10. c3 {[%emt 0:06:43]} Bxf3 {[%emt 0:03:57]} 11. gxf3 {[%emt 0:00:04]} e6 {[%emt 0:02:47]} 12. Nxf6+ {[%emt 0:13:10]} Qxf6 {[%emt 0:00:29]} 13. Be2 {[%emt 0:00:01]} Bxh6 {[%emt 0:06:06]} 14. Qxh6 {[%emt 0:00:09]} b4 {[%emt 0:05:05]} 15. h4 {[%emt 0:03:56]} bxc3 {[%emt 0:01:39]} 16. bxc3 {[%emt 0:00:13]} Qg7 {[%emt 0:02:50]} 17. Qxg7+ {[%emt 0:03:09]} Kxg7 {[%emt 0:00:05]} 18. f4 {[%emt 0:00:03]} d5 {[%emt 0:04:11]} 19. Bf3 {[%emt 0:03:40]} Ne7 {[%emt 0:00:50]} 20. Rb1 {[%emt 0:00:36]} Rab8 {[%emt 0:01:30]} 21. Kd2 {[%emt 0:01:11]} h5 {[%emt 0:00:48]} 22. Rb3 {[%emt 0:00:59]} Rb5 {[%emt 0:05:43]} 23. Rhb1 {[%emt 0:02:59]} Ra5 {[%emt 0:00:17]} 24. R1b2 {[%emt 0:00:12]} dxe4 {[%emt 0:00:52]} 25. Bxe4 {[%emt 0:00:07]} c5 {[%emt 0:00:07]} 26. Rb7 {[%emt 0:02:52]} Kf6 {[%emt 0:02:07]} 27. Rc7 {[%emt 0:00:16]} cxd4 {[%emt 0:01:03]} 28. cxd4 {[%emt 0:00:17]} Nf5 {[%emt 0:05:35]} 29. Rc5 {[%emt 0:05:28]} Ra3 {[%emt 0:01:36]} 30. Bxf5 {[%emt 0:05:26]} gxf5 {[%emt 0:00:09]} 31. Rc3 {[%emt 0:12:14]} Ra4 {[%emt 0:08:11]} 32. Ke3 {[%emt 0:00:44]} Rd8 {[%emt 0:00:10]} 33. Rd3 {[%emt 0:00:48]} Rd5 {[%emt 0:00:39]} 34. a3 {[%emt 0:00:19]} Rc4 {[%emt 0:01:42]} 35. Rb1 {[%emt 0:04:58]} Rc2 {[%emt 0:02:03]} 36. Rb6 {[%emt 0:05:07]} a5 {[%emt 0:00:36]} 37. Rb1 {[%emt 0:01:39]} Rc8 {[%emt 0:08:41]} 38. Rg1 {[%emt 0:02:12]} Rb5 {[%emt 0:00:57]} 39. Rg5 {[%emt 0:00:30]} a4 {[%emt 0:02:13]} 40. Rxh5 {[%emt 0:00:00]} Rb3 {[%emt 0:00:00]} 41. d5 {[%emt 0:07:16]} Rxd3+ {[%emt 0:08:00]} 42. Kxd3 {[%emt 0:00:07]} Rd8 {[%emt 0:00:06]} 43. Rg5 {[%emt 0:00:48]} Rxd5+ {[%emt 0:00:04]} 44. Ke3 {[%emt 0:02:49]} Rb5 {[%emt 0:04:24]} 45. Rg3 {[%emt 0:00:51]} Rb1 {[%emt 0:02:42]} 46. h5 {[%emt 0:02:14]} Re1+ {[%emt 0:02:44]} 47. Kf3 {[%emt 0:01:33]} 1/2-1/2